| 000 | 00885nam a2200289 a 4500 | ||
|---|---|---|---|
| 001 | 24400 | ||
| 003 | CO-ViMGA | ||
| 008 | 141112s2004 ck r 000 u spa d | ||
| 020 | _a9789588445120 | ||
| 040 |
_aCO-ViMGA _bspa _cCO-ViMGA |
||
| 041 | _aSPA | ||
| 090 | _aA RUB4 | ||
| 100 | 1 |
_aRubio, Gabriela, 1966 - _935938 |
|
| 245 | 1 | 0 |
_aDónde estoy? / _cescrito e ilustrado por Gabriela Rubio |
| 250 | _a1a ed. | ||
| 260 |
_aBarcelona : _bEkaré, _c2007 |
||
| 300 | _a12 p. : il. col. : il. | ||
| 490 | _aPikinini | ||
| 650 | 1 | 4 |
_aANIMALES - LIBROS DE IMAGENES _935939 |
| 650 | 1 | 4 |
_aAUTORES ESPAÑOLES _9727 |
| 650 | 1 | 4 |
_aCOLORES - LIBROS DE IMAGENES _935940 |
| 650 | 1 | 4 |
_aDESDE LOS 6 MESES _935941 |
| 650 | 1 | 4 |
_aLEER ES MI CUENTO - COLECCION 2011 _935942 |
| 650 | 1 | 4 |
_aTAMAÑOS - LIBROS DE IMAGENES _935943 |
| 700 | 1 |
_aRubio, Gabriela, 1966 - _935938 |
|
| 942 |
_2ddc _cBK |
||
| 999 |
_c2297 _d2297 |
||